Detalles MARC
| 000 -LÍDER |
| Campo fijo de descripción fija |
012350000a22003250004500 |
| 001 - NÚMERO DE CONTROL |
| Campo de control |
20817 |
| 003 - IDENTIFICADOR DEL NÚMERO DE CONTROL |
| Campo de control |
CO-MdFUSB |
| 005 - FECHA Y HORA DE LA ULTIMA TRANSACCIÓN |
| control field |
20230126165958.0 |
| 008 - ELEMENTOS DE LONGITUD FIJA -- INFORMACIÓN GENERAL |
| Campo fijo de descripción fija -- Información general |
160506b xxu||||| |||| 00| 0 eng d |
| 020 ## - NÚMERO INTERNACIONAL NORMALIZADO PARA LIBROS |
| Número Internacional Normalizado del libro |
978-84-87699-44-3 |
| 020 ## - NÚMERO INTERNACIONAL NORMALIZADO PARA LIBROS |
| Número Internacional Normalizado del libro |
84-87699-44-8 |
| 040 ## - FUENTE DE CATALOGACIÓN |
| Agencia que realiza la transcripción |
CO-MdFUSB |
| Agencia que realiza la modificación |
CO-MdFUSB |
| Agencia de catalogación original |
CO-MdFUSB |
| Idioma de catalogación |
spa |
| Convenciones de la descripción |
rda |
| 041 ## - CÓDIGO DE IDIOMA |
| Código de idioma para texto/pista de sonido o título separado |
spa |
| 082 ## - NÚMERO DE CLASIFICACIÓN DECIMAL DEWEY |
| Número de la edición del Dewey |
23 |
| Número de clasificación |
296.815 |
| Clave de autor-Numero de item |
G215t |
| 100 1# - ASIENTO PRINCIPAL--NOMBRE PERSONAL |
| Nombre personal |
García Martínez, Florentino |
| 245 00 - TÍTULO |
| Título del Material |
Textos del Qumrán |
| Mención de responsabilidad, etc. |
/ edición y traducción de Florentino García Martínez |
| 250 ## - MENCIÓN DE EDICIÓN |
| Mención de edición |
Sexta edición |
| 264 ## - PRODUCCIÓN, PUBLICACIÓN, DISTRIBUCIÓN, MANUFACTURA, Y COPYRIGHT |
| Lugar de producción, publicación, distribución, manufactura |
Madrid, España |
| Nombre del productor, publicador, distribuidor |
: Trotta, |
| Fecha de producción, publicación, distribución, manufactura, o copyright |
2009 |
| 300 ## - DESCRIPCIÓN FÍSICA |
| Extensión |
526 páginas |
| Dimensiones |
; |
| 336 ## - TIPO DE CONTENIDO |
| Fuente |
rdacontent |
| Término de tipo de contenido |
texto |
| Código de tipo de contenido |
txt |
| 337 ## - TIPO DE MEDIO |
| Fuente |
rdamedia |
| Nombre del tipo de medio |
sin mediación |
| Código del tipo de medio |
n |
| 338 ## - TIPO DE SOPORTE |
| Fuente |
rdacarrier |
| Nombre del tipo de soporte |
volumen |
| Código Tipo de soporte |
nc |
| 490 ## - MENCIÓN DE SERIE |
| Mención de serie |
Colección Estructuras y procesos : Serie Religión |
| 500 ## - NOTA GENERAL |
| Nota General |
rústico |
| 505 ## - NOTA DE CONTENIDO |
| Nota de contenido con formato preestablecido |
Reglas -- Textos Haláquicos -- Literatura de contenido escatológico -- Literatura exegética -- Literatura para-Bíblica -- Textos poéticos -- Textos litúrgicos -- Textos astronómicos, calendarios y horóscopos -- El Rollo de Cobre -- Lista de los manuscritos de Qumrán |
| 650 #7 - ASIENTO SECUNDARIO DE MATERIA - TERMINO TEMÁTICO |
| 9 (RLIN) |
80 |
| Término temático o nombre geográfico como elemento de entrada |
Comunidad de Qumrán |
| 942 ## - TIPO DE MATERIAL (KOHA) |
| Tipo de Item KOHA |
Libros de Referencia |
| 945 ## - INFORMACIÓN LOCAL DEL REGISTRO |
| Catalogador |
JTF-925 |